Origen y significado de los nombres de los pueblos de la Comunidad de Madrid / (Record no. 94120)

MARC details
000 -LEADER
campo de control de longitud fija 00737nam a2200229 i 4500
001 - NÚMERO DE CONTROL
campo de control 94120
003 - IDENTIFICADOR DE NÚMERO DE CONTROL
campo de control ES-MaACL
005 - FECHA Y HORA DE LA ÚLTIMA TRANSACCIÓN
campo de control 20230906181413.0
007 - CAMPO FIJO DE DESCRIPCIÓN FÍSICA--INFORMACIÓN GENERAL
campo de control de longitud fija t|
008 - DATOS DE LONGITUD FIJA--INFORMACIÓN GENERAL
campo de control de longitud fija 050621s1994 sp ||||1| spa d
020 ## - NÚMERO INTERNACIONAL ESTÁNDAR DEL LIBRO
Número Internacional Estándar del Libro 84-89185-00-X
080 ## - NÚMERO DE LA CLASIFICACIÓN DECIMAL UNIVERSAL
Número de la Clasificación Decimal Universal 914.602.7
080 ## - NÚMERO DE LA CLASIFICACIÓN DECIMAL UNIVERSAL
Número de la Clasificación Decimal Universal 806.0-311(460.27)
100 1# - ENTRADA PRINCIPAL--NOMBRE DE PERSONA
Nombre de persona Dotú, Javier.
9 (RLIN) 45469
245 10 - MENCIÓN DEL TÍTULO
Título Origen y significado de los nombres de los pueblos de la Comunidad de Madrid /
Mención de responsabilidad, etc. Javier Dotú ; prólogo, Antonio Fraguas "Forges".
260 ## - PUBLICACIÓN, DISTRIBUCIÓN, ETC.
Lugar de publicación, distribución, etc. Madrid :
Nombre del editor, distribuidor, etc. JD,
Fecha de publicación, distribución, etc. [1994]
300 ## - DESCRIPCIÓN FÍSICA
Extensión 350 p. :
Otras características físicas il. ;
Dimensiones 24 cm.
650 #4 - PUNTO DE ACCESO ADICIONAL DE MATERIA--TÉRMINO DE MATERIA
Término de materia o nombre geográfico como elemento de entrada Nombres geográficos-
Subdivisión geográfica Madrid (Comunidad Autónoma)
9 (RLIN) 15588
700 1# - ENTRADA AGREGADA--NOMBRE PERSONAL
Nombre de persona Forges,
Fechas asociadas al nombre 1942-2018
9 (RLIN) 176480
852 4# - LOCALIZACIÓN
Ubicación ES-MaACL
Número de control de estantería L-29198
Holdings
Estatus retirado Estado de pérdida Estado de daño No para préstamo Biblioteca de origen Biblioteca actual Ubicación en estantería Fecha de adquisición Fuente de adquisición Total de préstamos Signatura topográfica completa Código de barras Visto por última vez Precio de reemplazo Tipo de ítem Koha
        Biblioteca del Ateneo de Madrid Biblioteca del Ateneo de Madrid Depósito 2 17/01/2008     L-29198 1098300 23/02/2023 23/02/2023 Libro impreso